000 00683nam a22001337a 4500
040 _cRUA
082 _a AGR YAN 2017 B633 Or.1
100 _aYANA MEY យ៉ាណា មុី
245 _acomparison of different seedling ages on chinese kale growth and yield on sandy soil ការប្រៀបធៀបកូនដំណាំខាត់ណាដើមខុសៗគ្នាលើការលូតលាស់និង​ទិន្នផលលើដីល្បាយខ្សាច់
260 _aphnom penh
_bRUA
_c2017
300 _ax;36p
_bill;
_c29cm
856 _uhttps://drive.google.com/file/d/17r5bZn15Ekao3Phk20Vob04pxc062T5q/view?usp=sharing
942 _cAGR
999 _c17919
_d17919